Drapeaux des territoires britanniques d'outre-mer - Statistiques

Statistiques générales
  • Ce quiz a été pris 881 fois
    819 depuis la dernière actualisation
  • Le résultat moyen est 11 sur 18
Statistiques - réponses
Par images Réponse % Correct
Gibraltar
91%
Île de Man
90%
Jersey
79%
Guernesey
76%
Îles Vierges britanniques
71%
Bermudes
70%
Anguilla
67%
Îles Malouines
66%
Montserrat
61%
Îles Turks-et-Caïcos
55%
Îles Caïmans
53%
Sainte-Hélène
52%
Îles Pitcairn
51%
Territoire britannique de l'océan Indien
48%
Ascension
41%
Tristan da Cunha
40%
Géorgie du Sud-et-les Îles Sandwich du Sud
37%
Territoire britannique de l'Antarctique
35%
Aucun quiz correspondant
Distribution des résultats
% des personnes avec chaque résultat
Percentile par nombre de réponses
Votre historique - résultats
Vous n’avez pas pris ce quiz depuis la dernière actualisation